000 00953nam a2200289 i 4500
003 EG-GICUC
005 20260509025717.0
008 260509s1957 fr ||||fr|||| 00| 0 fre d
040 _aEG-GiCUC
_bfre
_cEG-GiCUC
_dEG-GiCUC
_eRda
041 _afre
082 0 4 _221
_a345.122
_bCA.C
092 0 4 _221
099 _aLaw1 07 345.122 CA.C 1957
100 1 _a Capitant , M. René
_eAuteur
245 _aCours De Principes Du Droit Public :
_bRédigé D’après La Sténotypie Du Cours Et Avec L’Autorisation /
_cM. René Capitant .
264 _aParis :
_bLES COURS DE DROIT ,
_c1957.
300 _a184 page ;
_c 24 cm.
336 _2rda contenu
_a texte
337 _2rda medias
_aOrdinateur
338 _2 transporteur rda
_a Ressource en ligne
546 _aTexte en français
650 1 _aDroit administratif
651 1 _2qrmak
856 4 0 _uhttps://fll.law.cu.edu.eg/fulltext/bks/B07-06414.pdf
905 _a60
942 _2ddc
_cBK
_e21
_n0
999 _c76341
_d76341